<?xml version="1.0" encoding="UTF-8"?>
<record
    xmlns:xsi="http://www.w3.org/2001/XMLSchema-instance"
    xsi:schemaLocation="http://www.loc.gov/MARC21/slim http://www.loc.gov/standards/marcxml/schema/MARC21slim.xsd"
    xmlns="http://www.loc.gov/MARC21/slim">

  <leader>01348cam a2200289 a 4500</leader>
  <controlfield tag="001">000014969</controlfield>
  <controlfield tag="005">20200929163931.0</controlfield>
  <controlfield tag="008">960129s1992    sp ab    b    001 0 spa d</controlfield>
  <datafield tag="020" ind1=" " ind2=" ">
    <subfield code="a">8478201262</subfield>
  </datafield>
  <datafield tag="040" ind1=" " ind2=" ">
    <subfield code="a">DO-SdBNP</subfield>
    <subfield code="b">spa</subfield>
    <subfield code="c">NjP</subfield>
    <subfield code="d">DLC</subfield>
    <subfield code="d">BNPHU</subfield>
  </datafield>
  <datafield tag="082" ind1=" " ind2=" ">
    <subfield code="a">700</subfield>
    <subfield code="b">C112r</subfield>
  </datafield>
  <datafield tag="100" ind1="1" ind2=" ">
    <subfield code="a">Caba&#xF1;ero Subiza, Bernab&#xE9;,</subfield>
    <subfield code="d">1961-</subfield>
    <subfield code="9">33888</subfield>
  </datafield>
  <datafield tag="245" ind1="1" ind2="4">
    <subfield code="a">Los restos isl&#xE1;micos de Malej&#xE1;n (Zaragoza) :</subfield>
    <subfield code="b">nuevos datos para el estudio de la evoluci&#xF3;n de la decoraci&#xF3;n de la &#xE9;poca del Califato al per&#xED;odo Taifa /</subfield>
    <subfield code="c">Bernab&#xE9; Caba&#xF1;ero Subiza ; pr&#xF3;logo Christian Ewert.</subfield>
  </datafield>
  <datafield tag="260" ind1=" " ind2=" ">
    <subfield code="a">Zaragoza, Venezuela :</subfield>
    <subfield code="b">Instituci&#xF3;n Fernando el Cat&#xF3;lico,</subfield>
    <subfield code="c">1992.</subfield>
  </datafield>
  <datafield tag="300" ind1=" " ind2=" ">
    <subfield code="a">123 p. :</subfield>
    <subfield code="b">il., mapas ;</subfield>
    <subfield code="c">24 cm.</subfield>
  </datafield>
  <datafield tag="490" ind1="1" ind2=" ">
    <subfield code="a">Instituci&#xF3;n Fernando el Cat&#xF3;lico</subfield>
    <subfield code="v">1310</subfield>
  </datafield>
  <datafield tag="500" ind1=" " ind2=" ">
    <subfield code="a">Con un estudio epigr&#xE1;fico de Carmelo Lasa Ewert.</subfield>
  </datafield>
  <datafield tag="504" ind1=" " ind2=" ">
    <subfield code="a">Incluye referencias bibliogr&#xE1;ficas (p. 106-119).</subfield>
  </datafield>
  <datafield tag="650" ind1=" " ind2="4">
    <subfield code="a">Decoraci&#xF3;n y ornamentaci&#xF3;n arquitect&#xF3;nicas</subfield>
    <subfield code="z">Espa&#xF1;a</subfield>
    <subfield code="z">Malej&#xE1;n</subfield>
    <subfield code="9">33889</subfield>
  </datafield>
  <datafield tag="650" ind1=" " ind2="4">
    <subfield code="a">Antig&#xFC;edades isl&#xE1;micas</subfield>
    <subfield code="z">Malej&#xE1;n (Espa&#xF1;a{Rpara}</subfield>
    <subfield code="9">33890</subfield>
  </datafield>
  <datafield tag="651" ind1=" " ind2="4">
    <subfield code="a">Malej&#xE1;n (Espa&#xF1;a{Rpara}</subfield>
    <subfield code="x">Antig&#xFC;edades</subfield>
    <subfield code="9">33891</subfield>
  </datafield>
  <datafield tag="650" ind1=" " ind2="4">
    <subfield code="a">Excavaciones arqueol&#xF3;gicas</subfield>
    <subfield code="z">Malej&#xE1;n (Espa&#xF1;a{Rpara}</subfield>
    <subfield code="9">33892</subfield>
  </datafield>
  <datafield tag="700" ind1="1" ind2=" ">
    <subfield code="a">Ewert, Christian</subfield>
    <subfield code="e">pr&#xF3;l.</subfield>
    <subfield code="9">33893</subfield>
  </datafield>
  <datafield tag="830" ind1=" " ind2="0">
    <subfield code="a">Instituci&#xF3;n Fernando el Cat&#xF3;lico ;</subfield>
    <subfield code="v">1310.</subfield>
    <subfield code="9">16722</subfield>
  </datafield>
  <datafield tag="910" ind1=" " ind2=" ">
    <subfield code="a">Catalogaci&#xF3;n por copia / LC</subfield>
  </datafield>
  <datafield tag="049" ind1=" " ind2=" ">
    <subfield code="a">BNGR</subfield>
  </datafield>
  <datafield tag="952" ind1=" " ind2=" ">
    <subfield code="0">0</subfield>
    <subfield code="1">0</subfield>
    <subfield code="5">4</subfield>
    <subfield code="7">0</subfield>
    <subfield code="8">MO</subfield>
    <subfield code="a">GR</subfield>
    <subfield code="b">GR</subfield>
    <subfield code="c">CT</subfield>
    <subfield code="d">2010-01-27</subfield>
    <subfield code="i">LF1</subfield>
    <subfield code="l">0</subfield>
    <subfield code="o">700 C112r</subfield>
    <subfield code="p">14969-10</subfield>
    <subfield code="r">2020-06-25</subfield>
    <subfield code="w">2020-06-25</subfield>
    <subfield code="y">4</subfield>
    <subfield code="Z">Pr&#xE9;stamo en sala</subfield>
  </datafield>
  <datafield tag="999" ind1=" " ind2=" ">
    <subfield code="c">14544</subfield>
    <subfield code="d">14544</subfield>
  </datafield>
</record>
